| 000 | 00413nam a22001457a 4500 | ||
|---|---|---|---|
| 008 | 250324b |||||||| |||| 00| 0 eng d | ||
| 020 | _a9781788165815 | ||
| 050 |
_aGV1061.5 _b.M33 |
||
| 100 | _aMc Dougall Christopher | ||
| 245 | _aBorn to run 2 the ultimate training guide | ||
| 260 |
_aLondon _bSouvenir Press _c2022 |
||
| 300 | _a270p | ||
| 650 |
_aRunning Training _vRunning physiological aspect |
||
| 942 | _cBK | ||
| 999 |
_c2618 _d2618 |
||